• 首页
  • 本馆介绍
  • 公告通知
  • 最新文献
  • 馆藏检索
  • 电子资源
  • 读者导购
  • 参考咨询
  • 我的图书馆
  • 登录
  • 详细信息显示
  • 放入我的书架
  • 预约/预借图书
  • 作者相关作品
  • 分类相关作品
  • 丛书相关作品
  • 出版社相关作品

书目信息

  • 表格格式
  • 工作单格式
  • 卡片格式
题名:
证券法苑
    
 
作者: 桂敏杰 总编 ;黄红元 , 徐明 主编
分册: 第十一卷(2014年6月号)  
出版信息: 北京   法律出版社  2014
页数: 388页
开本: 23cm
丛书名:
单 册:
中图分类: D922.287.4
科图分类:
主题词: 证券法--Zheng Quan Fa--中国--文集
电子资源:
ISBN: 978-7-5118-6746-9
000 01062nam0 22002771 450
001 350160
005 20161008165554.95
010    @a978-7-5118-6746-9@dCNY59.00
100    @a20140929d2014 em y0chiy50 ea
101 0  @achi@eeng
102    @aCN@b110000
105    @ay z 000yy
106    @ar
200 1  @a证券法苑@AZheng Quan Fa Yuan@h第十一卷(2014年6月号)@f桂敏杰总编@g黄红元,徐明主编
210    @a北京@c法律出版社@d2014
215    @a388页@d23cm
300    @a中文社会科学引文索引(CSSCI)来源集刊
300    @a上海证券交易所主办
330    @a本书分为市场监管、市场创新、证券立法、域外法制4个栏目,收有《关于重大违法行为退市制度若干问题的思考》、《指数型基金调仓交易印发尾市异动的分析与思考》、《论上市公司信息披露监管的制度完善》等文章。
606 0  @a证券法@AZheng Quan Fa@y中国@j文集
690    @aD922.287.4@v5
701  0 @c(满)@a桂敏杰@AGui Min Jie@f(1953~)@4总编
702  0 @a黄红元@AHuang Hong Yuan@c(证券交易)@4主编
702  0 @a徐明@AXu Ming@f(1961~)@4主编
801  0 @aCN@bTANGWEI@c20160803
905    @b0888625-9@dD922.287.4@e1311@f5
    
    证券法苑.第十一卷(2014年6月号)/桂敏杰总编/黄红元,徐明主编 .-北京:法律出版社,2014
    388页;23cm
    中文社会科学引文索引(CSSCI)来源集刊.-上海证券交易所主办
    
    ISBN 978-7-5118-6746-9:CNY59.00
    本书分为市场监管、市场创新、证券立法、域外法制4个栏目,收有《关于重大违法行为退市制度若干问题的思考》、《指数型基金调仓交易印发尾市异动的分析与思考》、《论上市公司信息披露监管的制度完善》等文章。
●
相关链接 在E读中查询图书 在五车中查询图书 在当当中查询图书 在豆瓣中查询图书


正题名:证券法苑     索取号:D922.287.4/1311         预约/预借

序号 登录号 条形码 馆藏地/架位号 状态 备注
1 0888625   208886259   第一样本阅览室/ [索取号:D922.287.4/1311] 在馆    
2 0888626   208886268   第一借阅区/ [索取号:D922.287.4/1311] 在馆    
3 0888627   208886277   第一借阅区/ [索取号:D922.287.4/1311] 在馆    
4 0888628   208886286   密集书库-史法系/ [索取号:D922.287.4/1311] 在馆    
5 0888629   208886295   第一借阅区/ [索取号:D922.287.4/1311] 在馆    
唐山师范学院图书馆 欢迎您!
大连网信软件有限公司© 版权所有